Chinese provinces - Statistics

General Stats
  • This quiz has been taken 2 times
  • The average score is 10 of 33
Answer Stats
Answer % Correct
Hainan
100%
Hong Kong
100%
Macau
100%
Tibet
100%
Turkestan
100%
Fujian
50%
Guangdong
50%
Guangxi
50%
Hebei
50%
Hei long jiang
50%
Henan
50%
Hu bei
50%
Jiang su
50%
Yunnan
50%
An hui
0%
Beijing
0%
Chongqin
0%
Gan Su
0%
Guizhou
0%
Hu nan
0%
Inner Mongolia
0%
Jiangxi
0%
Jilin
0%
Liao Ning
0%
Ningxia
0%
Qinghai
0%
Shaanxi
0%
Shan dong
0%
Shanghai
0%
Shan xi
0%
Sichuan
0%
Tianjin
0%
Zhejiang
0%
No matching quizzes found
Score Distribution
Percent of People with Each Score
Percentile by Number Answered
Your Score History
You have not taken this quiz